[Event "ch-Nordic Youth 2017"]
[Site "masterchessopen.com Drammen NOR"]
[Date "2017.02.19"]
[Round "5.5"]
[White "Morling,Joakim"]
[Black "Berglind,Axel"]
[Result "0-1"]
[WhiteElo "2079"]
[BlackElo "2130"]

1.d4 d5 2.c4 dxc4 3.e3 c5 4.Bxc4 cxd4 5.exd4 Nf6 6.Nf3 e6 7.Bg5 Be7 8.O-O O-O
9.Nc3 Nc6 10.a3 Qb6 11.Bf4 Rd8 12.Na4 Qa5 13.b4 Qf5 14.Bc7 Rd7 15.Bg3 Nxd4
16.Nxd4 Qe4 17.Re1 Qxd4 18.Qe2 Qg4 19.f3 Qg5 20.Ra2 Nd5 21.Qe4 Nb6 22.Nxb6
axb6 23.Bf4 Qg6 24.Qe3 Bf6 25.Be5 Bxe5 26.Qxe5 Qf6 27.Qe2 Qd4+ 28.Kh1 Rd6
29.Raa1 Qf4 30.g3 Qf6 31.b5 Kf8 32.a4 Bd7 33.Kg2 Qc3 34.Red1 Rxd1 35.Rxd1 Ke7
36.Qe4 Rxa4 37.Rxd7+ Kxd7 38.Qxb7+ Kd6 39.Qxb6+ Ke5 40.f4+ Ke4 41.Be2 Ra2
42.Qb7+ Ke3 43.Qf3+ Kd2 44.Qf2 Qe3 45.Bf3+ Qxf2+ 46.Kxf2 Kd3+ 47.Kg1 Rb2
48.Bc6 f6 49.h4 e5 50.fxe5 fxe5 51.g4 e4 52.Kf1 e3 53.Bf3 Rf2+ {#R} 0-1

[Event "ch-Nordic Youth 2017"]
[Site "masterchessopen.com Drammen NOR"]
[Date "2017.02.19"]
[Round "6.3"]
[White "Ragnarsson,Dagur"]
[Black "Berglind,Axel"]
[Result "0-1"]
[WhiteElo "2276"]
[BlackElo "2130"]

1.d4 d5 2.c4 c6 3.Nf3 Nf6 4.Nc3 e6 5.Bg5 h6 6.Bxf6 Qxf6 7.e3 Nd7 8.Bd3 dxc4
9.Bxc4 g6 10.O-O Bg7 11.Rc1 O-O 12.Re1 Re8 13.e4 e5 14.d5 Nb6 15.Bb3 Bg4
16.Re3 Rad8 17.h3 Bc8 18.Rd3 Rd6 19.dxc6 Rxd3 20.Qxd3 Rd8 21.Qe3 bxc6 22.Na4
Bf8 23.Nxb6 axb6 24.Qxb6 Rd6 25.Qa5 c5 26.Qc3 Qf4 27.Re1 Be6 28.Qxe5 Qxe5
29.Nxe5 Bg7 30.Nf3 c4 31.Bc2 Bxb2 32.a4 Ra6 33.Rb1 c3 34.Ne5 Rb6 35.Rd1 Bb3
36.Rd8+ Kg7 37.a5 Rb5 38.Bxb3 Rxb3 39.Rc8 c2 40.Rxc2 Bxe5 41.g3 Ra3 42.Rc5 Bd4
43.Rd5 Bc3 44.Rd3 Ra1+ 45.Kg2 Bxa5 46.f4 Bb6 47.h4 Ra2+ 48.Kh1 Re2 49.e5 g5
50.hxg5 hxg5 51.Rd7 g4 52.Rb7 Bc5 53.Rb5 Bd4 54.Rd5 Bf2 55.Kg2 Be1+ 56.Kf1 Rd2
57.Rb5 Bxg3 58.Rb7 Kg6 59.f5+ Kxf5 60.Rxf7+ Kxe5 61.Rg7 Kf4 62.Rf7+ Ke3 63.Kg1
Bf4 64.Kf1 Kf3 65.Ke1 Rc2 {#R} 0-1

[Event "Nebesna Sotnya Mem Rapid"]
[Site "masterchessopen.com Lutsk UKR"]
[Date "2017.02.19"]
[Round "8.2"]
[White "Mirzoev,E"]
[Black "Bernadskiy,V"]
[Result "0-1"]
[WhiteElo "2446"]
[BlackElo "2518"]

1.d4 e6 2.c4 Bb4+ 3.Nc3 f5 4.e3 Nf6 5.Bd3 b6 6.Ne2 Bb7 7.O-O O-O 8.f3 Nc6 9.a3
Bd6 10.Nb5 Be7 11.Bd2 a6 12.Nbc3 Qe8 13.b4 Qh5 14.Qc2 Bd6 15.h3 a5 16.Nb5 axb4
17.Nxd6 cxd6 18.axb4 Qh4 19.b5 Na5 20.Bb4 Rfc8 21.Bxd6 Nd5 22.Bf4 Qd8 23.e4
Nb4 24.Qb1 Nxd3 25.Qxd3 fxe4 26.fxe4 Nxc4 27.Rxa8 Bxa8 28.Nc3 Qe7 29.Ra1 Qb4
30.Qg3 Na5 31.Be5 Qe7 32.Rf1 Nc4 33.Bf4 Bb7 34.Kh2 Qf7 35.Ra1 Na5 36.Bc7 Nc4
37.Ra7 Ba8 38.Bb8 Nd2 39.Qf4 Nxe4 40.Qxf7+ Kxf7 41.Nxe4 Bxe4 42.Be5 Ke7 43.Ra2
g6 44.h4 Bd5 45.Rb2 d6 46.Bf4 Rc4 47.Bg5+ Kd7 48.Be3 Rc3 49.Bg5 Rd3 50.Rf2 Ke8
51.Rc2 Rxd4 52.Rc8+ Kd7 53.Rh8 e5 54.Rxh7+ Ke6 55.Rh8 Rb4 56.Be3 Rxb5 57.Rb8
Rb2 58.Rxb6 Rxg2+ 59.Kh3 Rc2 60.Kg4 Be4 61.Bh6 Bf5+ 62.Kg3 Rc3+ 63.Kf2 e4
64.Bf8 Rd3 65.Ra6 Bg4 66.Bh6 Ke5 67.Ra5+ d5 68.Bg7+ Kf5 69.Ra6 e3+ 70.Kg2 e2
71.Rf6+ Ke5 {#R} 0-1

[Event "Nebesna Sotnya Mem Rapid"]
[Site "masterchessopen.com Lutsk UKR"]
[Date "2017.02.19"]
[Round "8.4"]
[White "Bykovskiy,Oleg"]
[Black "Zubarev,Al1"]
[Result "0-1"]
[WhiteElo "2332"]
[BlackElo "2506"]

1.e4 c5 2.c3 d5 3.exd5 Qxd5 4.Nf3 Nc6 5.Na3 Bf5 6.Bc4 Qe4+ 7.Kf1 e6 8.d3 Qg4
9.h3 Qh5 10.Be3 O-O-O 11.d4 cxd4 12.cxd4 Bxa3 13.bxa3 Nf6 14.Kg1 Be4 15.Ng5
Qxd1+ 16.Rxd1 Rhf8 17.Nxe4 Nxe4 18.Kh2 Nc3 19.Rc1 Nd5 20.Bb5 Ne7 21.Rc4 Rd5
22.Rc5 Rfd8 23.Rhc1 Rxc5 24.dxc5 Nd5 25.Bg5 f6 26.Bh4 e5 27.Bc4 Nf4 28.Bg3 Rd2
29.h4 Nd3 30.Bxd3 Rxd3 31.f4 e4 32.f5 Nd4 33.Rc4 Nxf5 34.Bf4 Rd4 35.Rc3 Ne7
36.Bd6 Nd5 37.Rc2 Kd7 38.Bf8 g6 39.Kg3 Rd3+ 40.Kf2 Kc6 41.g4 Rxa3 {#R} 0-1

[Event "Nebesna Sotnya Mem Rapid"]
[Site "masterchessopen.com Lutsk UKR"]
[Date "2017.02.19"]
[Round "10.2"]
[White "Mirzoev,E"]
[Black "Onischuk,V"]
[Result "0-1"]
[WhiteElo "2446"]
[BlackElo "2601"]

1.d4 d6 2.c4 e5 3.e3 Nc6 4.Nc3 Nf6 5.Nf3 Bd7 6.g3 g6 7.Bg2 Bg7 8.O-O O-O 9.b3
Re8 10.d5 Nb8 11.e4 a5 12.Ne1 Na6 13.Nd3 b6 14.Bd2 Rf8 15.a3 Nc5 16.Nxc5 dxc5
17.Bg5 h6 18.Be3 Ne8 19.Qd2 Kh7 20.f4 Nd6 21.a4 f5 22.Rae1 Qf6 23.exf5 gxf5
24.fxe5 Qxe5 25.Ne2 Rae8 26.Nf4 Qc3 27.Qxc3 Bxc3 28.Re2 Rxe3 29.Rxe3 Bd4
30.Re1 Re8 31.Kf2 Rxe3 32.Rxe3 Bxa4 33.bxa4 Nxc4 34.Ke2 Nxe3 35.Bh3 Ng4 36.Ne6
Be5 37.Kd2 Kg6 38.Bxg4 fxg4 39.Kd3 Kf5 40.Kc4 Ke4 41.Nd8 h5 42.Nf7 Bd6 43.Ng5+
Ke3 44.Ne6 Kf3 45.Ng7 Kg2 46.Nxh5 Kxh2 47.Kb5 Bxg3 48.Nf6 Kh3 49.Kc6 c4 50.Ne4
Be5 {#R} 0-1

[Event "Perth Congress 2017"]
[Site "masterchessopen.com Perth SCO"]
[Date "2017.02.19"]
[Round "4.2"]
[White "Page,Mark"]
[Black "Abdulla,Murad"]
[Result "1-0"]
[WhiteElo "2117"]
[BlackElo "2126"]

1.e4 c5 2.Nc3 a6 3.f4 b5 4.g3 Bb7 5.Bg2 e6 6.d3 b4 7.Nb1 d5 8.Qe2 Nc6 9.Nf3
Nf6 10.e5 Ng8 11.O-O Nge7 12.Be3 Nf5 13.Bf2 h5 14.Nbd2 Rc8 15.c3 a5 16.h3 Be7
17.g4 hxg4 18.hxg4 Nh4 19.Nxh4 Bxh4 20.Nf3 Bxf2+ 21.Rxf2 Kd7 22.Qe3 Qe7 23.f5
Kc7 24.cxb4 cxb4 25.Rc1 Kb8 26.Qf4 Ka8 27.Rfc2 Na7 28.f6 Qf8 29.Rxc8+ Nxc8
30.Rc7 Rg8 31.g5 Kb8 32.Rc2 Qd8 33.Qd4 gxf6 34.gxf6 Na7 35.Qc5 Nc6 36.Kf1 Qd7
37.a3 Rc8 38.Qb6 Qc7 39.Qb5 Qd7 40.axb4 axb4 41.Qb6 Qc7 42.Qe3 Qa5 43.d4 Qa1+
44.Qc1 Qa6+ 45.Kf2 Qb6 46.Qe3 Rg8 47.Bh3 Qa7 48.Rd2 Qb6 49.Ng5 Qc7 50.Qf4 Rh8
51.Kg3 Nd8 52.Qf2 Rg8 53.Kh4 Qc1 54.Bg2 Rh8+ 55.Kg4 Rg8 56.Bf1 Nc6 57.Bb5 Nd8
58.Kf4 Qb1 59.Bd3 Qh1 60.Qh2 Qe1 61.Qf2 Qc1 62.Kg4 Nc6 63.Bh7 Rf8 64.Kg3 Na5
65.Nf3 Nc4 66.Rc2 Qh6 67.Qh2 Qe3 68.Qe2 Qb3 69.Kf2 Rh8 70.Qd3 Qa2 71.b3 Nb2
72.Qd2 Rxh7 73.Rxb2 Qa3 74.Qc2 Rh8 75.Ra2 Rc8 76.Qb2 Qxb2+ 77.Rxb2 Ba6 78.Ng5
Rc7 79.Ke3 Rc3+ 80.Kf4 Rc7 81.Rh2 Bd3 82.Rh8+ Kb7 83.Rg8 Bb5 84.Rf8 Ba4
85.Rxf7 Rxf7 86.Nxf7 Kc7 87.Nd6 {#r} 1-0

[Event "Perth Congress 2017"]
[Site "masterchessopen.com Perth SCO"]
[Date "2017.02.19"]
[Round "4.4"]
[White "Koehn,Lennart"]
[Black "Hogg,S"]
[Result "1-0"]
[WhiteElo "2006"]
[BlackElo "2038"]

1.e4 c6 2.Nc3 d5 3.Nf3 Bg4 4.h3 Bxf3 5.Qxf3 e6 6.d3 Nd7 7.Bd2 Ngf6 8.g4 h6
9.Qg3 dxe4 10.dxe4 Nc5 11.Bg2 Qd4 12.Qe3 Qxe3+ 13.Bxe3 e5 14.a4 Ne6 15.O-O-O
Bb4 16.f3 Ke7 17.h4 Nd7 18.Ne2 Bc5 19.Bd2 f6 20.Ng3 g6 21.h5 Nf4 22.Bf1 Bf2
23.Ne2 g5 24.Bb4+ Ke8 25.Rd6 Nc5 26.Nxf4 exf4 27.Rxf6 Bd4 28.Rd6 Be3+ 29.Kb1
Nxa4 30.Re6+ Kd8 31.Bc4 Nc5 32.Rd1+ Kc7 33.Rg6 Rad8 34.Rxd8 Rxd8 35.Rxh6 Rd1+
36.Ka2 Rd4 37.Rh7+ Kc8 38.Bxc5 Rxc4 39.Bd6 Rxc2 40.e5 b5 41.e6 Bd4 42.Rc7+ Kd8
43.e7+ Ke8 44.Rc8+ Kd7 45.e8=Q+ Kxd6 46.Rd8+ Kc5 47.Rxd4 {#r} 1-0

[Event "Perth Congress 2017"]
[Site "masterchessopen.com Perth SCO"]
[Date "2017.02.19"]
[Round "5.2"]
[White "Koehn,Lennart"]
[Black "Abrahams,Daniel"]
[Result "0-1"]
[WhiteElo "2006"]
[BlackElo "2118"]

1.e4 c5 2.Nf3 e6 3.g3 Nc6 4.Bg2 Nge7 5.O-O d5 6.exd5 Nxd5 7.c3 Be7 8.d4 O-O
9.Ne5 cxd4 10.Nxc6 bxc6 11.cxd4 Qb6 12.Qa4 Ba6 13.Rd1 Bb5 14.Qb3 Qa6 15.Nc3
Nxc3 16.Qxc3 Rfd8 17.Be3 Rac8 18.a3 Bc4 19.Rac1 Bd5 20.Bf1 Qb6 21.h4 a5 22.Be2
Rb8 23.Rd2 Bd6 24.Bd1 h6 25.h5 Qc7 26.Kh2 Rdc8 27.f4 Qe7 28.Qxa5 Qf6 29.Rf2
Qf5 30.Qd2 Rb3 31.Rc3 Rcb8 32.Rxb3 Rxb3 33.Bf3 Bxf3 34.Rxf3 Qxh5+ 35.Kg2 Qb5
36.Rf2 Rd3 37.Qe2 Qd5+ 38.Rf3 Qe4 39.Kf2 Bc7 40.Ke1 Rb3 41.Kf2 Bb6 42.d5 Rxe3
43.Rxe3 exd5 44.Qf3 Qd4 45.Qe2 Kf8 46.Kf3 Qxe3+ 47.Qxe3 Bxe3 48.Kxe3 Ke7
49.Kd4 Kd6 50.b4 g6 51.a4 f6 52.a5 h5 53.Kd3 g5 54.Ke3 h4 55.fxg5 fxg5 56.gxh4
gxh4 57.Kf3 d4 58.a6 Kc7 {#R} 0-1

[Event "TCh-BEL 2016-17"]
[Site "masterchessopen.com Belgium BEL"]
[Date "2017.02.19"]
[Round "8.1"]
[White "Admiraal,M"]
[Black "Michiels,B"]
[Result "0-1"]
[WhiteElo "2456"]
[BlackElo "2524"]

1.e4 e6 2.d4 d5 3.Nd2 Nf6 4.e5 Nfd7 5.c3 c5 6.f4 Nc6 7.Ndf3 Qb6 8.Ne2 a5 9.g3
a4 10.Bh3 cxd4 11.cxd4 a3 12.b3 Bb4+ 13.Kf1 Ndb8 14.Kg2 Bd7 15.Ne1 Be7 16.Nc2
Nb4 17.Nxa3 O-O 18.Rf1 Rc8 19.Rf3 Rxc1 20.Qxc1 Qa6 21.Nc3 Qxa3 22.f5 Qxc1
23.Rxc1 N8c6 24.fxe6 Bxe6 25.Rd1 Nc2 26.Rfd3 Bg5 27.Bxe6 fxe6 28.Kf2 N6xd4
29.h4 Bh6 30.g4 Rf8+ 31.Kg3 Bf4+ 32.Kh3 Bxe5 {#R} 0-1

[Event "TCh-BEL 2016-17"]
[Site "masterchessopen.com Belgium BEL"]
[Date "2017.02.19"]
[Round "8.3"]
[White "Kerigan,D"]
[Black "Van Haastert,E"]
[Result "1-0"]
[WhiteElo "2362"]
[BlackElo "2449"]

1.e4 e6 2.d4 d5 3.Nd2 Be7 4.Ngf3 Nf6 5.e5 Nfd7 6.Bd3 c5 7.c3 Nc6 8.O-O a5
9.Bc2 Qb6 10.Nb1 h6 11.Re1 Qa6 12.a4 cxd4 13.cxd4 Nb4 14.Bb3 Nb6 15.Re3 Bd7
16.Rc3 Rc8 17.Ne1 Nc4 18.Rg3 g6 19.Nc3 Qb6 20.Nc2 Nd3 21.Nxd5 Qxb3 22.Nxe7
Kxe7 23.Rxd3 Nxb2 24.Bxb2 Qxb2 25.Ne3 Rc3 26.Rb1 Rxd3 27.Qxd3 Qa2 28.Rxb7 Qxa4
29.h3 Qc6 30.Qa3+ Ke8 31.Rb8+ Bc8 32.Ng4 Qc7 33.Rxc8+ {#r} 1-0

[Event "TCh-BEL 2016-17"]
[Site "masterchessopen.com Belgium BEL"]
[Date "2017.02.19"]
[Round "8.4"]
[White "Bitalzadeh,A"]
[Black "De Rover,YH"]
[Result "0-1"]
[WhiteElo "2397"]
[BlackElo "2338"]

1.c4 e5 2.Nc3 Nf6 3.Nf3 Nc6 4.e3 g6 5.d4 d6 6.Be2 Bg7 7.dxe5 Nxe5 8.Qa4+ Ned7
9.O-O O-O 10.Nd4 Nc5 11.Qc2 a5 12.b3 Re8 13.Bb2 c6 14.Rad1 Qe7 15.Ba3 h5
16.Bf3 Bg4 17.h3 Bd7 18.Nde2 Bf5 19.Qd2 Rad8 20.Nd4 Bc8 21.Na4 Qc7 22.Bxc5
dxc5 23.Nxc5 Nh7 24.Ne4 f5 25.Nc3 Ng5 26.Qc1 f4 27.exf4 Nxh3+ 28.gxh3 Bxd4
29.Ne2 Bc5 30.Kg2 Qe7 31.Ng3 Rxd1 32.Rxd1 Qh4 33.Rh1 Bd6 34.Qc2 Qf6 35.Ne4
Qxf4 36.Nxd6 Qxd6 37.Qc3 Qf4 38.c5 Rf8 39.Qc4+ Qxc4 40.bxc4 Be6 41.Be2 Rd8
42.Re1 Bf5 43.Rd1 Rxd1 44.Bxd1 Kf7 45.Be2 h4 46.f4 Kf6 47.Bg4 Bd3 48.Bc8 Bxc4
49.a3 Bd5+ 50.Kf2 Be6 51.Bxe6 Kxe6 52.Kf3 Kd5 53.Kg4 Kxc5 54.Kg5 b5 55.Kxg6 b4
56.axb4+ axb4 57.f5 b3 {#R} 0-1

[Event "TCh-BEL 2016-17"]
[Site "masterchessopen.com Belgium BEL"]
[Date "2017.02.19"]
[Round "8.5"]
[White "Van der Lende,I"]
[Black "Van Oosterom,C"]
[Result "1-0"]
[WhiteElo "2347"]
[BlackElo "2389"]

1.d4 f5 2.Nf3 Nf6 3.g3 g6 4.Bg2 Bg7 5.O-O O-O 6.b3 d6 7.Bb2 Qe8 8.Re1 c6
9.Nbd2 Ne4 10.Nxe4 fxe4 11.Nd2 d5 12.f3 e5 13.dxe5 Bxe5 14.Bxe5 Qxe5 15.fxe4
Nd7 16.exd5 Qe3+ 17.Kh1 Nf6 18.Nc4 Qh6 19.dxc6 bxc6 20.Qd2 Qh5 21.Bxc6 Be6
22.Qd6 Rae8 23.Rf1 Bf5 24.Bxe8 Nxe8 25.Qd5+ Kg7 26.Qf3 {#r} 1-0

[Event "TCh-BEL 2016-17"]
[Site "masterchessopen.com Belgium BEL"]
[Date "2017.02.19"]
[Round "8.6"]
[White "Van der Stricht,G"]
[Black "Van der Auweraert,Elwin"]
[Result "0-1"]
[WhiteElo "2379"]
[BlackElo "2267"]

1.d4 Nf6 2.c4 e6 3.Nc3 Bb4 4.e3 O-O 5.Bd3 d5 6.Nf3 c5 7.O-O dxc4 8.Bxc4 Nbd7
9.a3 cxd4 10.axb4 dxc3 11.bxc3 Qc7 12.Be2 Nb6 13.Qd4 Rd8 14.Qh4 Qxc3 15.Ra3
Qc2 16.Nd4 Qe4 17.f4 Rxd4 18.Bf3 Qc2 19.exd4 Nc4 20.Ra1 Qc3 21.Ra2 Qxb4 22.g4
Bd7 23.g5 Nd5 24.Bxd5 exd5 25.f5 Bxf5 26.Qf4 g6 27.Qf3 Qd6 28.Bf4 Qe6 29.Re2
Be4 30.Qg3 a5 31.Be5 Nxe5 32.dxe5 Re8 33.Rf6 Qxe5 34.Qxe5 Rxe5 35.h4 b5 36.Rb6
d4 37.Rd6 d3 38.Rxd3 Rxg5+ 39.hxg5 Bxd3 40.Re3 Bc4 41.Re8+ Kg7 42.Ra8 a4
43.Kf2 h6 {#R} 0-1

[Event "TCh-BEL 2016-17"]
[Site "masterchessopen.com Belgium BEL"]
[Date "2017.02.19"]
[Round "8.3"]
[White "Henrichs,T"]
[Black "Saiboulatov,D"]
[Result "1-0"]
[WhiteElo "2475"]
[BlackElo "2373"]

1.e4 e6 2.d4 d5 3.Nc3 Bb4 4.e5 c5 5.a3 Bxc3+ 6.bxc3 Qc7 7.Qg4 f5 8.Qg3 cxd4
9.cxd4 Ne7 10.Ne2 O-O 11.c3 Ng6 12.Rb1 b6 13.h4 Rf7 14.h5 Nf8 15.Nf4 Ba6
16.Bxa6 Nxa6 17.Qd3 Nb8 18.a4 Nbd7 19.Rh3 Rc8 20.Ba3 Qc4 21.Qd1 Rd8 22.Bd6 g5
23.hxg6 hxg6 24.Rb4 Qc6 25.Kf1 Rh7 26.Rxh7 Kxh7 27.g4 a5 28.Rb1 fxg4 29.Qxg4
Qxc3 30.Kg2 Qxd4 31.Re1 Rc8 32.Qh3+ Kg8 33.Nxe6 Qc4 34.Nxf8 Nxf8 35.e6 d4
36.Qg3 Qd5+ 37.Kg1 Rc3 38.e7 Rxg3+ 39.Bxg3 {#r} 1-0

[Event "TCh-BEL 2016-17"]
[Site "masterchessopen.com Belgium BEL"]
[Date "2017.02.19"]
[Round "8.6"]
[White "Bruno,Rica"]
[Black "Gulbas,C"]
[Result "0-1"]
[WhiteElo "2013"]
[BlackElo "2360"]

1.e4 c5 2.Nf3 e6 3.d4 cxd4 4.Nxd4 Nf6 5.Nc3 Nc6 6.Be2 Qc7 7.Be3 a6 8.O-O b5
9.Nxc6 dxc6 10.e5 Qxe5 11.Bd4 Qc7 12.Bxf6 gxf6 13.Ne4 Be7 14.Re1 f5 15.Ng3 O-O
16.Bd3 Bf6 17.Nh5 Be5 18.Qd2 f6 19.Re3 Bd7 20.Rxe5 Qxe5 21.Re1 Qd6 22.Qh6 Qe7
23.Bxf5 Rf7 24.Re4 Kh8 25.Nf4 Qd6 26.Bg4 e5 27.Ng6+ Kg8 28.Nxe5 Qd5 {#R} 0-1

[Event "TCh-BEL 2016-17"]
[Site "masterchessopen.com Belgium BEL"]
[Date "2017.02.19"]
[Round "8.6"]
[White "De Wit,M"]
[Black "Huesmann,T"]
[Result "0-1"]
[WhiteElo "2196"]
[BlackElo "2258"]

1.e4 e5 2.Nf3 Nc6 3.Bb5 a6 4.Ba4 Nf6 5.O-O Nxe4 6.Re1 Nc5 7.Bxc6 dxc6 8.d4 Ne6
9.Nxe5 Be7 10.Be3 O-O 11.f4 f6 12.Nf3 g6 13.Nc3 Ng7 14.Ne4 Re8 15.Qd2 Bg4
16.Rf1 Qd5 17.Nc3 Qc4 18.b3 Qf7 19.h3 Be6 20.Qf2 Nf5 21.Bd2 Bd5 22.Nxd5 cxd5
23.g4 Nd6 24.Qg2 Ne4 25.f5 gxf5 26.Nh4 fxg4 27.hxg4 Kh8 28.Nf5 Qg6 29.Nh4 Qg8
30.Rf5 Nxd2 {#R} 0-1

[Event "TCh-BEL 2016-17"]
[Site "masterchessopen.com Belgium BEL"]
[Date "2017.02.19"]
[Round "8.1"]
[White "Leenhouts,K"]
[Black "Wantiez,F"]
[Result "1-0"]
[WhiteElo "2499"]
[BlackElo "2339"]

1.d4 Nf6 2.c4 g6 3.Nc3 d5 4.cxd5 Nxd5 5.e4 Nxc3 6.bxc3 Bg7 7.Qa4+ Nd7 8.Nf3 c5
9.Be2 b6 10.Bf4 Bb7 11.Ne5 a6 12.Bg4 e6 13.Nc4 O-O 14.Nd6 b5 15.Qb3 cxd4
16.Nxb7 Qb6 17.Nd6 Nc5 18.Qd1 e5 19.cxd4 exf4 20.e5 Qa5+ 21.Kf1 Na4 22.Qb3 b4
23.h4 h5 24.Bf3 Ra7 25.Rc1 Nc3 26.a3 Nb5 27.Nxb5 Qxb5+ 28.Be2 Qd7 29.Qxb4 Rc7
30.Rd1 Rfc8 31.Rh3 Rc1 32.Rd3 f3 33.Bxf3 Bxe5 34.Qb7 Qd6 35.Bd5 Rxd1+ 36.Rxd1
Rc7 37.dxe5 Qxe5 38.Qb8+ Kg7 39.g3 Qc3 40.Qb3 {#r} 1-0

[Event "TCh-BEL 2016-17"]
[Site "masterchessopen.com Belgium BEL"]
[Date "2017.02.19"]
[Round "8.3"]
[White "Maenhout,T"]
[Black "Marechal,A"]
[Result "1-0"]
[WhiteElo "2392"]
[BlackElo "2319"]

1.c4 e5 2.Nc3 Nc6 3.g3 f5 4.Bg2 Nf6 5.e3 d5 6.cxd5 Nb4 7.d3 c6 8.e4 cxd5 9.a3
Na6 10.exd5 Bd6 11.Nf3 O-O 12.O-O b6 13.b4 Nc7 14.Bb2 Bb7 15.Qb3 Kh8 16.Rfe1
Re8 17.Nd2 b5 18.a4 a6 19.Rad1 Qd7 20.Nc4 Rab8 21.axb5 axb5 22.Na5 Ba8 23.Nc6
Rbc8 24.Na7 Rb8 25.Nc6 Rbc8 26.Na2 Ncxd5 27.Nxe5 Qa7 28.h3 Re7 29.Ra1 Qa4
30.Qxa4 bxa4 31.Nc4 Rxe1+ 32.Rxe1 Bf8 33.Rb1 Rd8 34.b5 Bc5 35.Be5 Nd7 36.d4
Ba7 37.Nd6 Kg8 38.Nxf5 Nxe5 39.dxe5 Re8 40.Rd1 Nc7 41.Rd7 Nxb5 42.Nxg7 Rc8
43.Bxa8 Rxa8 44.Nh5 Bd4 45.Nf6+ Kf8 46.Nxh7+ Ke8 47.Nf6+ Kf8 48.Rd5 {#r} 1-0

[Event "TCh-BEL 2016-17"]
[Site "masterchessopen.com Belgium BEL"]
[Date "2017.02.19"]
[Round "8.6"]
[White "Fontaine,Quentin"]
[Black "Gryson,W"]
[Result "1-0"]
[WhiteElo "2269"]
[BlackElo "2212"]

1.e4 g6 2.d4 Bg7 3.Nc3 c5 4.dxc5 Nc6 5.Be3 Qa5 6.Qd2 Nf6 7.f3 O-O 8.Bc4 b6
9.cxb6 axb6 10.Nge2 Ne5 11.Bb3 Ba6 12.Na4 Qxd2+ 13.Bxd2 Rfb8 14.Be3 Rb7
15.Bxb6 Bxe2 16.Kxe2 Rxa4 17.Bxa4 Rxb6 18.Bb3 e6 19.Rhd1 g5 20.a4 Kf8 21.a5
Ra6 22.Ra4 Nc6 23.Rda1 d5 24.exd5 exd5 25.c3 Ke7 26.Bc2 Na7 27.Rb4 Nd7 28.Rb7
Nc6 29.Bf5 Nb8 30.Bd3 Ra8 31.a6 Kd6 32.Bb5 Nc5 33.Rxf7 Be5 34.a7 Nc6 35.Rxh7
Ne7 36.Rxe7 Kxe7 37.Bc6 {#r} 1-0

[Event "TCh-BEL 2016-17"]
[Site "masterchessopen.com Belgium BEL"]
[Date "2017.02.19"]
[Round "8.7"]
[White "Sterck,Arno"]
[Black "Herman,J"]
[Result "1-0"]
[WhiteElo "2191"]
[BlackElo "2253"]

1.e4 c5 2.Nf3 Nc6 3.d4 cxd4 4.Nxd4 g6 5.c4 Bg7 6.Be3 Nf6 7.Nc3 d6 8.Be2 O-O
9.O-O a6 10.Qd2 Qa5 11.Nb3 Qd8 12.f3 Be6 13.Rac1 Nd7 14.Nd5 f5 15.Nf4 Bf7
16.exf5 gxf5 17.Rfd1 a5 18.Nh3 a4 19.Nd4 Nxd4 20.Bxd4 Bxd4+ 21.Qxd4 Qa5 22.Bd3
Bg6 23.Nf4 Qc5 24.Qxc5 Nxc5 25.Bc2 Rfd8 26.h4 e5 27.Nd5 Ne6 28.h5 Bf7 29.Ne7+
Kf8 30.Nxf5 Bxh5 31.Rxd6 Rxd6 32.Nxd6 Nd4 33.Kf2 Ke7 34.Nf5+ Nxf5 35.Bxf5 Bg6
36.Bxg6 hxg6 37.Rd1 Rc8 38.b3 Rc5 39.Ke3 axb3 40.axb3 b5 41.Rd5 Rxd5 42.cxd5
Kf7 43.Ke4 Kf6 44.b4 {#r} 1-0

[Event "TCh-BEL 2016-17"]
[Site "masterchessopen.com Belgium BEL"]
[Date "2017.02.19"]
[Round "8.1"]
[White "Sumets,A"]
[Black "Hera,I"]
[Result "0-1"]
[WhiteElo "2562"]
[BlackElo "2619"]

1.d4 Nf6 2.c4 e6 3.Nf3 d5 4.g3 Bb4+ 5.Bd2 Be7 6.Bg2 O-O 7.O-O Nbd7 8.Bf4 c6
9.Nc3 dxc4 10.e4 Nh5 11.Be3 Nhf6 12.a4 Ng4 13.e5 Nxe3 14.fxe3 Nb6 15.Qe2 Nd5
16.Rfe1 Nb4 17.Red1 b6 18.Na2 Nxa2 19.Rxa2 Ba6 20.Nd2 Bg5 21.Bxc6 c3 22.Qxa6
Bxe3+ 23.Kg2 Rc8 24.bxc3 Rxc6 25.Rc2 Qa8 26.Nf3 Rfc8 27.Qd3 Bh6 28.c4 Qb7
29.d5 exd5 30.Qxd5 g6 31.Nd4 R6c7 32.Qxb7 Rxb7 33.e6 fxe6 34.Nxe6 Re7 35.Rd6
Rce8 36.Nd4 Bf8 37.Rd5 Re4 38.Nc6 a5 39.Nd4 Rc8 40.Kf3 Re1 41.Rb5 Bc5 42.Nb3
Re3+ 43.Kg2 Bb4 44.Nc1 Rc6 45.Ne2 Ra3 46.Nf4 Rxa4 47.Nd5 Bc5 48.Rcb2 Rxc4
49.Nxb6 Rb4 50.R2xb4 Bxb4 51.Nd5 Rc2+ 52.Kf3 Be1 53.Rb1 Bd2 54.Rb7 h5 55.Ra7
Kf8 56.Ke4 Be1 57.Ke5 Rc6 58.Nf4 Bc3+ 59.Kd5 Rf6 60.Ke4 Bd2 61.Nd5 Rf7 62.Ra8+
Kg7 63.h3 Be1 64.g4 hxg4 65.hxg4 Kh6 66.Ra6 Kg5 67.Re6 Bb4 68.Ke3 Bc5+ 69.Ke4
a4 70.Nc3 Rf4+ 71.Kd3 Rd4+ 72.Kc2 Bf8 73.Ne4+ Kf4 74.Nc3 Kg5 75.Ne4+ Kh4
76.Kc3 Bg7 77.Rxg6 Be5 78.Ng5 Rxg4+ 79.Kd3 Rxg5 80.Rh6+ Kg3 81.Ra6 Rg4 {#R}
0-1

[Event "TCh-BEL 2016-17"]
[Site "masterchessopen.com Belgium BEL"]
[Date "2017.02.19"]
[Round "8.4"]
[White "Rotstein,A"]
[Black "Tan,Mat"]
[Result "0-1"]
[WhiteElo "2501"]
[BlackElo "2430"]

1.Nf3 d5 2.g3 c6 3.Bg2 Bg4 4.c4 dxc4 5.Na3 Nd7 6.Nxc4 Ngf6 7.d4 g6 8.Qb3 Be6
9.Ng5 Bxc4 10.Qxc4 e6 11.Bd2 Bg7 12.Qc2 Qb6 13.Nf3 O-O 14.O-O Rac8 15.b4 Rfe8
16.Rac1 e5 17.dxe5 Nxe5 18.Nxe5 Rxe5 19.e4 Ree8 20.Rfd1 Rcd8 21.h3 Qb5 22.Be1
h5 23.a4 Qe5 24.Bc3 Qe7 25.Qb2 Rxd1+ 26.Rxd1 Rd8 27.Rxd8+ Qxd8 28.Bf1 Ne8
29.e5 h4 30.g4 Qd1 31.a5 Nc7 32.Bd4 a6 33.Be3 Qe1 34.Qd4 Nd5 35.Bd2 Qxe5
36.Qxe5 Bxe5 37.Bg2 Bc3 38.Bg5 Bxb4 39.Bxd5 cxd5 40.Bd8 Kf8 41.Kf1 Be7 42.Bb6
Ke8 43.f3 Bd8 44.Bf2 Kd7 45.Ke2 Ke6 46.Be1 Ke5 47.Ke3 d4+ 48.Ke2 Kf4 49.Kf2
Ke5 50.Ke2 g5 51.Bd2 f6 52.Kd3 Kd5 53.Bb4 b5 54.axb6 Bxb6 55.Bd2 Bc7 56.Be1 a5
57.f4 a4 58.fxg5 fxg5 59.Bd2 a3 {#R} 0-1

[Event "TCh-BEL 2016-17"]
[Site "masterchessopen.com Belgium BEL"]
[Date "2017.02.19"]
[Round "8.7"]
[White "Memeti,K"]
[Black "Skulener,W"]
[Result "0-1"]
[WhiteElo "2196"]
[BlackElo "2386"]

1.d4 Nf6 2.Bf4 g6 3.e3 Bg7 4.Nf3 c5 5.c3 Qb6 6.Qb3 O-O 7.Nbd2 d6 8.Be2 Qc7
9.h3 b6 10.O-O Bb7 11.a4 Nbd7 12.a5 Bd5 13.c4 Bb7 14.Qa3 e5 15.dxe5 dxe5
16.Bh2 Rfe8 17.Rfd1 Qc6 18.Rac1 Rad8 19.Bf1 Qe6 20.Ne1 Ne4 21.Nxe4 Bxe4 22.Nd3
f6 23.b4 Bf8 24.b5 Ba8 25.Nb2 Be7 26.Na4 f5 27.Nc3 Nf6 28.Qa4 Ne4 29.Nb1 Bf6
30.f3 Ng5 31.Nc3 e4 32.Rxd8 Rxd8 33.Bc7 exf3 34.Qc2 {#R} 0-1

[Event "TCh-BEL 2016-17"]
[Site "masterchessopen.com Belgium BEL"]
[Date "2017.02.19"]
[Round "8.1"]
[White "Hovhanisian,M"]
[Black "Wemmers,X"]
[Result "0-1"]
[WhiteElo "2461"]
[BlackElo "2407"]

1.Nf3 Nf6 2.c4 e6 3.e3 b6 4.b3 Bb7 5.Bb2 Be7 6.Be2 O-O 7.O-O d6 8.d4 Nbd7 9.a4
c5 10.a5 bxa5 11.Bc3 d5 12.Bxa5 Qb8 13.Nc3 Rc8 14.dxc5 Nxc5 15.b4 Nce4 16.Nxe4
Nxe4 17.c5 Bf6 18.Rc1 Nc3 19.Qd2 Nxe2+ 20.Qxe2 Bc6 21.Qc2 e5 22.Qf5 Re8 23.e4
d4 24.Nd2 Re6 25.Nc4 g6 26.Qg4 h5 27.Qe2 Bg5 28.Rc2 Bb5 29.Re1 Qb7 30.Qd3 Qa6
31.Qb3 Rf8 32.Rd1 Qc6 33.f3 Ba4 34.Qd3 Bxc2 35.Qxc2 h4 36.Qb3 Rb8 37.Qa2 h3
38.gxh3 Kg7 39.Nd6 Rh8 40.Qg2 Be3+ 41.Kh1 Rxd6 42.cxd6 Qxd6 43.b5 Qc5 44.Qf1
Rb8 45.Rb1 Qc2 46.Bb4 Bf4 47.Qg1 Rh8 48.Rf1 Rxh3 49.Rf2 Qb3 50.Qg4 Qb1+ {#R}
0-1

[Event "TCh-BEL 2016-17"]
[Site "masterchessopen.com Belgium BEL"]
[Date "2017.02.19"]
[Round "8.3"]
[White "Lai,Hing Ting"]
[Black "Offringa,Joo"]
[Result "1-0"]
[WhiteElo "2419"]
[BlackElo "2302"]

1.Nf3 f5 2.g3 Nf6 3.Bg2 g6 4.O-O Bg7 5.d4 O-O 6.b3 Ne4 7.Bb2 d5 8.c4 c6 9.Nc3
Be6 10.Qc2 h6 11.Nxe4 fxe4 12.Ne5 Bf5 13.cxd5 cxd5 14.Rac1 Na6 15.Qd2 Qb6
16.g4 Bc8 17.Kh1 Kh7 18.f3 exf3 19.exf3 Nb4 20.Rce1 e6 21.Ba3 a5 22.f4 Qd6
23.h4 Bd7 24.Qe2 Bxe5 25.dxe5 Qb6 26.h5 Bb5 27.hxg6+ Kxg6 28.Qd2 Bxf1 29.Rxf1
Qd8 30.Qf2 Kh7 31.Qg3 Rc8 32.Bc1 Nxa2 33.Bd2 Qe8 34.Bxa5 Qb5 35.Bd2 Rg8 36.f5
exf5 37.Rxf5 Rc6 38.Bf1 Qb6 39.Bd3 Kh8 40.Rf7 Rg7 41.Rf8+ Rg8 42.Qf3 Rc7
43.Rf6 Rc6 44.Qf5 {#r} 1-0